[Event "4NCL/Div4/3CS2 vs. MONM"]
[Site "Nottingham ENG"]
[Date "2006.02.12"]
[Round "6.1"]
[White "Plant, Paul"]
[Black "Varley, Peter"]
[Result "1/2-1/2"]
[WhiteElo "2185"]
[BlackElo "2172"]
[PlyCount "57"]
[EventDate "2006.02.12"]
[SourceDate "2005.10.25"]

1. d4 e6 2. Nf3 d5 3. c4 c6 4. e3 f5 5. Nc3 Nf6 6. Be2 Be7 7. Bd2 O-O 8. Qc2
Ne4 9. Ne5 Nd7 10. Nxd7 Bxd7 11. f3 Nxd2 12. Qxd2 Bd6 13. O-O-O Qa5 14. Kb1 Bb4
15. a3 Bxc3 16. Qxc3 Qxc3 17. bxc3 b5 18. c5 Be8 19. f4 Rf6 20. Kc2 Rg6 21. g3
Rh6 22. Ra1 Kf8 23. a4 bxa4 24. Rxa4 a5 25. h4 Rg6 26. Rg1 Rf6 27. Rga1 Rg6 28.
Rg1 Rf6 29. Rga1 1/2-1/2

[Event "4NCL/Div4/3CS2 vs. MONM"]
[Site "Nottingham ENG"]
[Date "2006.02.12"]
[Round "6.2"]
[White "Thomas, Joseff"]
[Black "Tompson, John C"]
[Result "0-1"]
[WhiteElo "2025"]
[BlackElo "2050"]
[PlyCount "54"]
[EventDate "2006.02.12"]
[SourceDate "2005.10.25"]

1. e4 c5 2. d4 cxd4 3. c3 dxc3 4. Nxc3 Nc6 5. Nf3 d6 6. Bc4 a6 7. O-O Nf6 8.
Qe2 Bg4 9. Rd1 e6 10. h3 Bxf3 11. Qxf3 Ne5 12. Qe2 Nxc4 13. Qxc4 Nd7 14. Bf4
Rc8 15. Qa4 Rc6 16. Rac1 Be7 17. b4 Nb6 18. Qb3 Bg5 19. Bxg5 Qxg5 20. a4 O-O
21. a5 Nd7 22. b5 Nc5 23. Qb4 Nd3 24. Qd4 Nf4 25. Kf1 Qxg2+ 26. Ke1 axb5 27.
Nxb5 Qf3 0-1

[Event "4NCL/Div4/3CS2 vs. MONM"]
[Site "Nottingham ENG"]
[Date "2006.02.12"]
[Round "6.3"]
[White "Lysons, John"]
[Black "Ralphs, Nigel"]
[Result "1-0"]
[WhiteElo "1950"]
[BlackElo "2038"]
[PlyCount "61"]
[EventDate "2006.02.12"]
[SourceDate "2005.10.25"]

1. Nf3 d5 2. d4 Nf6 3. c4 c6 4. Nc3 a6 5. cxd5 cxd5 6. g3 e6 7. Bg2 b5 8. a3
Bb7 9. O-O Bd6 10. Re1 Qb6 11. Bd2 O-O 12. Rc1 Nbd7 13. Na2 Ne4 14. Bb4 Rac8
15. Bxd6 Nxd6 16. e3 Ne4 17. Nb4 Rxc1 18. Qxc1 Rc8 19. Qb1 a5 20. Nd3 b4 21.
axb4 axb4 22. Rc1 Rxc1+ 23. Qxc1 f6 24. Nd2 Ba6 25. Nxe4 dxe4 26. Nc5 Nxc5 27.
dxc5 Qc6 28. Qc2 Bd3 29. Qxd3 exd3 30. Bxc6 d2 31. Ba4 1-0

[Event "4NCL/Div4/3CS2 vs. MONM"]
[Site "Nottingham ENG"]
[Date "2006.02.12"]
[Round "6.4"]
[White "Thomas, Jac"]
[Black "Glover, Richard"]
[Result "0-1"]
[WhiteElo "2020"]
[BlackElo "1965"]
[PlyCount "114"]
[EventDate "2006.02.12"]
[SourceDate "2005.10.25"]

1. e4 d5 2. d4 dxe4 3. Nc3 Nf6 4. f3 exf3 5. Qxf3 c6 6. Be3 Qb6 7. Rb1 Qc7 8.
Bd3 Bg4 9. Qf2 e6 10. Nge2 Bd6 11. h3 Bxe2 12. Nxe2 Nh5 13. O-O Na6 14. a3 h6
15. Qh4 Bh2+ 16. Kh1 Ng3+ 17. Nxg3 Qxg3 18. Qh5 g6 19. Qe2 Qc7 20. d5 cxd5 21.
Bxg6 fxg6 22. Bd4 O-O-O 23. Bxh8 Rxh8 24. Qxe6+ Kb8 25. Qxd5 Qd6 26. Qf7 Be5
27. Rbd1 Qc6 28. Rd7 Nc5 29. Qf8+ Qc8 30. Rd8 Qxd8 31. Qxc5 Bc7 32. c4 Qd6 33.
Qg1 Bb6 34. Rd1 Bxg1 35. Rxd6 Be3 36. Rxg6 Bc1 37. b3 Bxa3 38. g4 Bc1 39. h4
Re8 40. g5 hxg5 41. hxg5 Re3 42. Rg8+ Kc7 43. g6 Rxb3 44. Ra8 Rg3 45. Rxa7 Rxg6
46. Ra1 Bh6 47. Ra4 Rg4 48. Kh2 Kc6 49. Kh3 Rg5 50. Kh4 Kc5 51. Ra7 Rg7 52. Kh5
Bd2 53. Ra2 Bc3 54. Ra4 Bb4 55. Kh6 Rd7 56. Kg5 Kxc4 57. Kf4 b5 0-1

[Event "4NCL/Div4/3CS2 vs. MONM"]
[Site "Nottingham ENG"]
[Date "2006.02.12"]
[Round "6.5"]
[White "Hazlehurst, Cory"]
[Black "Waterfield, John"]
[Result "0-1"]
[WhiteElo "1945"]
[BlackElo "2035"]
[PlyCount "70"]
[EventDate "2006.02.12"]
[SourceDate "2005.10.25"]

1. e4 g6 2. d4 Bg7 3. Nc3 c6 4. Be2 d6 5. Be3 Nf6 6. g4 Qa5 7. Bd2 Qb6 8. e5
dxe5 9. dxe5 Nd5 10. Nxd5 cxd5 11. Bc3 Be6 12. f4 Nc6 13. Nf3 Qe3 14. Bd2 Qc5
15. Ng5 Bd7 16. c4 h6 17. cxd5 hxg5 18. dxc6 Bxc6 19. Bf3 Rd8 20. Rc1 Qd4 21.
Bxc6+ bxc6 22. Qe2 gxf4 23. e6 fxe6 24. Rf1 Qxd2+ 25. Qxd2 Rxd2 26. Kxd2 Rxh2+
27. Kd3 Rxb2 28. Rxc6 Rxa2 29. Rxe6 g5 30. Rfe1 Ra3+ 31. Kc2 Rc3+ 32. Kd2 Rc7
33. Kd3 Kf7 34. R1e4 Bf6 35. Kd2 Rb7 0-1

[Event "4NCL/Div4/3CS2 vs. MONM"]
[Site "Nottingham ENG"]
[Date "2006.02.12"]
[Round "6.6"]
[White "Thomas, Kevin"]
[Black "Compston, Michael"]
[Result "0-1"]
[WhiteElo "1955"]
[BlackElo "1895"]
[PlyCount "74"]
[EventDate "2006.02.12"]
[SourceDate "2005.10.25"]

1. e4 d5 2. d4 dxe4 3. Nc3 Nf6 4. f3 exf3 5. Nxf3 c6 6. Bc4 e6 7. O-O Nbd7 8.
Kh1 Nb6 9. Bd3 Nbd5 10. Bg5 Be7 11. Ne5 h6 12. Bxf6 Bxf6 13. Ne4 Bxe5 14. dxe5
O-O 15. Qh5 Qe7 16. Rf3 Bd7 17. Raf1 Be8 18. Nf6+ Kh8 19. Qh4 Qb4 20. c4 Rd8
21. Qe4 Nxf6 22. exf6 g6 23. Qh4 Kh7 24. Rh3 Qd2 25. Rf4 Qd1+ 26. Bf1 Qh5 27.
Qf2 Qg5 28. Rfh4 h5 29. g4 c5 30. Rxh5+ gxh5 31. Qc2+ Qg6 32. Rxh5+ Kg8 33. Qe2
Bc6+ 34. Kg1 Rd2 35. Rh8+ Kxh8 36. Qxd2 Qxg4+ 37. Kf2 Qd4+ 0-1

[Event "4NCL/Div4/SUFFP vs. GLOSG"]
[Site "Nottingham ENG"]
[Date "2006.02.12"]
[Round "6.1"]
[White "Munson, Shaun D"]
[Black "White, Michael J R"]
[Result "0-1"]
[WhiteElo "2225"]
[BlackElo "2175"]
[PlyCount "112"]
[EventDate "2006.02.12"]
[SourceDate "2005.10.25"]

1. d4 Nf6 2. Bg5 Ne4 3. Bf4 c5 4. f3 Qa5+ 5. c3 Nf6 6. d5 Qb6 7. b3 e6 8. e4
exd5 9. exd5 Bd6 10. Bg5 Be7 11. Na3 d6 12. Bb5+ Bd7 13. Bxd7+ Nbxd7 14. Nc4
Qc7 15. a4 O-O 16. Ne2 Nb6 17. Nxb6 Qxb6 18. c4 Rfe8 19. Bd2 Nd7 20. O-O Bh4
21. Rb1 Re7 22. g3 Bf6 23. Kg2 Rae8 24. Re1 Qd8 25. Nc3 Rxe1 26. Bxe1 Qe7 27.
Ne4 Bd4 28. Bd2 f5 29. Bg5 Qf8 30. Nf2 h6 31. Bd2 Qf6 32. Nd3 g5 33. Qf1 Kf7
34. Re1 Ne5 35. Qe2 Re7 36. f4 Nxd3 37. Qxd3 Rxe1 38. Bxe1 gxf4 39. gxf4 Qg6+
40. Qg3 Qh5 41. Qf3 Qg6+ 42. Bg3 h5 43. Qe2 Kf8 44. Kf1 Kf7 45. Ke1 Bc3+ 46.
Kd1 Qg4 47. Qxg4 fxg4 48. Ke2 Bf6 49. f5 Be5 50. Bxe5 dxe5 51. Kd3 h4 52. Ke3
h3 53. Kf2 e4 54. d6 e3+ 55. Kxe3 g3 56. Kf3 gxh2 0-1

[Event "4NCL/Div4/SUFFP vs. GLOSG"]
[Site "Nottingham ENG"]
[Date "2006.02.12"]
[Round "6.2"]
[White "Hosken, Nigel"]
[Black "Gregory, Stephen J"]
[Result "0-1"]
[WhiteElo "2105"]
[BlackElo "2155"]
[PlyCount "80"]
[EventDate "2006.02.12"]
[SourceDate "2005.10.25"]

1. d4 Nf6 2. c4 Nc6 3. Nf3 d6 4. Nc3 e5 5. d5 Ne7 6. e4 Ng6 7. Bd3 Be7 8. O-O
O-O 9. b4 a5 10. bxa5 Rxa5 11. Re1 Nd7 12. a4 Nc5 13. Ba3 Nxd3 14. Qxd3 f5 15.
Bb4 Ra8 16. Nd2 Kh8 17. Nb3 Nf4 18. Qf1 fxe4 19. Nxe4 Bf5 20. Nbd2 Rf6 21. Ra3
Rg6 22. Rg3 Rxa4 23. Rxg6 Bxg6 24. Bc3 Qd7 25. Ra1 h6 26. f3 Rxa1 27. Qxa1 Kh7
28. g3 Nh3+ 29. Kg2 Ng5 30. Qa7 Qh3+ 31. Kg1 Nxf3+ 32. Nxf3 Bxe4 33. Qe3 Bxf3
34. Qxf3 Kg6 35. Ba5 b6 36. Bd2 Qf5 37. Kf2 Bf6 38. g4 Qc2 39. Qc3 Bh4+ 40. Ke2
Qe4+ 0-1

[Event "4NCL/Div4/SUFFP vs. GLOSG"]
[Site "Nottingham ENG"]
[Date "2006.02.12"]
[Round "6.3"]
[White "Gray, Mark S"]
[Black "White, Ernest M"]
[Result "0-1"]
[WhiteElo "2105"]
[BlackElo "2065"]
[PlyCount "80"]
[EventDate "2006.02.12"]
[SourceDate "2005.10.25"]

1. e4 e5 2. Nf3 Nc6 3. d4 exd4 4. Bc4 Bc5 5. c3 Nf6 6. e5 d5 7. Bb5 Ne4 8. cxd4
Be7 9. Bxc6+ bxc6 10. O-O O-O 11. Nc3 Be6 12. Be3 c5 13. dxc5 Nxc5 14. Nd4 Qd7
15. f4 Bg4 16. Qd2 Ne6 17. h3 Nxd4 18. hxg4 c5 19. f5 Qc6 20. Bxd4 cxd4 21. f6
Rfe8 22. Qg5 g6 23. Ne2 Bc5 24. Ng3 d3+ 25. Kh1 Bf8 26. Nf5 Qd7 27. Rf3 Rab8
28. Rh3 Rb4 29. Nh6+ Kh8 30. Qh4 Rxe5 31. Rxd3 Rh5 32. Qxh5 gxh5 33. Nf5 Rxg4
34. Ne3 Rh4+ 35. Kg1 Bc5 36. Kf2 Qf5+ 37. Ke2 Bxe3 38. Rxe3 Re4 39. Rc1 Rxe3+
40. Kxe3 Qg5+ 0-1

[Event "4NCL/Div4/SUFFP vs. GLOSG"]
[Site "Nottingham ENG"]
[Date "2006.02.12"]
[Round "6.4"]
[White "Dodwell, Phil"]
[Black "Wallis, Ian"]
[Result "0-1"]
[WhiteElo "2060"]
[BlackElo "2100"]
[PlyCount "104"]
[EventDate "2006.02.12"]
[SourceDate "2005.10.25"]

1. e4 e5 2. f4 exf4 3. Bc4 Nf6 4. Nc3 Bb4 5. Nf3 O-O 6. Nd5 Nxd5 7. exd5 d6 8.
O-O Nd7 9. c3 Ba5 10. a4 Ne5 11. Be2 c6 12. d4 Ng6 13. Ne1 Qg5 14. Nf3 Qxd5 15.
b4 Bc7 16. c4 Qe6 17. Re1 Qf6 18. Bd2 Bf5 19. Rc1 Rac8 20. b5 d5 21. bxc6 bxc6
22. cxd5 cxd5 23. Bb5 Bd6 24. Qe2 h6 25. Ne5 Rxc1 26. Bxc1 Rc8 27. Bd3 Re8 28.
Bb5 Re7 29. Bb2 Bb4 30. Rc1 Nxe5 31. dxe5 Qb6+ 32. Qf2 Qe3 33. Rd1 Be4 34. Bd4
Qxf2+ 35. Kxf2 Rc7 36. Bd3 a5 37. Bb6 Rc6 38. Bd4 g5 39. h3 Kh7 40. g3 Bxd3 41.
Rxd3 Rc2+ 42. Kf3 fxg3 43. Kxg3 Bc5 44. Bc3 Bb6 45. Kf3 Kg6 46. Be1 d4 47. Rb3
Bc7 48. Rb5 Kf5 49. Rd5 Bxe5 50. Bxa5 Ra2 51. Bc7 f6 52. a5 Ra3+ 0-1

[Event "4NCL/Div4/SUFFP vs. GLOSG"]
[Site "Nottingham ENG"]
[Date "2006.02.12"]
[Round "6.5"]
[White "Ruthen, Steven"]
[Black "Meade, Philip J"]
[Result "1-0"]
[WhiteElo "2075"]
[BlackElo "2055"]
[PlyCount "53"]
[EventDate "2006.02.12"]
[SourceDate "2005.10.25"]

1. Nf3 d5 2. g3 Nf6 3. Bg2 Bg4 4. Ne5 Bh5 5. c4 c6 6. d4 e6 7. O-O Nfd7 8. cxd5
cxd5 9. Nd3 Nc6 10. Nf4 Bg6 11. Nc3 Rc8 12. Nxg6 hxg6 13. e4 dxe4 14. d5 exd5
15. Nxd5 Nc5 16. b4 Nd3 17. Bxe4 Ndxb4 18. Bb2 Rh7 19. Re1 Be7 20. Qb3 Qd6 21.
Nxe7 Nxe7 22. Rad1 Qb6 23. Bd4 Qa5 24. Bxg6 fxg6 25. Qg8+ Kd7 26. Qe6+ Kc7 27.
Be5+ 1-0

[Event "4NCL/Div4/SUFFP vs. GLOSG"]
[Site "Nottingham ENG"]
[Date "2006.02.12"]
[Round "6.6"]
[White "Taylor, Geoffrey P"]
[Black "Feavyour, John"]
[Result "1-0"]
[WhiteElo "2050"]
[BlackElo "2035"]
[PlyCount "67"]
[EventDate "2006.02.12"]
[SourceDate "2005.10.25"]

1. e4 e6 2. d4 d5 3. e5 c5 4. c3 Nc6 5. Nf3 Bd7 6. a3 cxd4 7. cxd4 Nge7 8. b4
Nf5 9. Bb2 Qb6 10. g4 Nfe7 11. Qd2 O-O-O 12. Nc3 Ng6 13. Na4 Qc7 14. Rc1 a6 15.
Nc5 Bxc5 16. Rxc5 Kb8 17. a4 Qb6 18. Ba3 f6 19. Bd3 fxe5 20. Bxg6 hxg6 21. b5
Nxd4 22. Nxd4 exd4 23. a5 Qd6 24. Rc8+ Bxc8 25. Bxd6+ Rxd6 26. Qf4 Rhd8 27.
bxa6 bxa6 28. Kd2 Bb7 29. Rb1 R8d7 30. Rb6 Kc7 31. Kd3 Bc6 32. Kxd4 Bb5 33. Kc5
Bc6 34. Rxc6+ 1-0

[Event "4NCL/Div4/GREN vs. CONQ"]
[Site "Nottingham ENG"]
[Date "2006.02.12"]
[Round "6.1"]
[White "Osborne, David C"]
[Black "Osborne, Marcus E"]
[Result "0-1"]
[WhiteElo "2085"]
[BlackElo "2230"]
[PlyCount "118"]
[EventDate "2006.02.12"]
[SourceDate "2005.10.25"]

1. e4 d5 2. exd5 Qxd5 3. Nc3 Qa5 4. d4 Nf6 5. Nf3 Bf5 6. Bd3 Nc6 7. Bxf5 Qxf5
8. Be3 O-O-O 9. Qe2 e6 10. O-O Rg8 11. Rfd1 g5 12. g3 Bb4 13. Rd3 Bxc3 14. Rxc3
g4 15. Nh4 Qe4 16. Qc4 Nd5 17. Ra3 Ne5 18. Qf1 Ng6 19. Nxg6 hxg6 20. c4 Nxe3
21. fxe3 Kb8 22. Qg2 Qxg2+ 23. Kxg2 e5 24. d5 e4 25. Rd1 c6 26. d6 c5 27. b4
cxb4 28. Rb3 Rd7 29. Rxb4 Rc8 30. Rd5 Rc6 31. c5 f5 32. Re5 b6 33. a4 a5 34.
Rb5 Ka7 35. Re7 Rxe7 36. dxe7 Re6 37. Rxb6 Rxe7 38. Rxg6 Rb7 39. Rf6 Rb2+ 40.
Kg1 Rb4 41. Kf2 Rb2+ 42. Kg1 Rb4 43. Rxf5 Rxa4 44. Rg5 Rc4 45. Rxg4 a4 46. Rg7+
Ka6 47. Rd7 a3 48. Rd1 a2 49. Ra1 Rc2 50. h4 Rb2 51. Rxa2+ Rxa2 52. h5 Rc2 53.
g4 Rxc5 54. Kg2 Kb5 55. Kg3 Kc4 56. h6 Kd5 57. Kf4 Ke6 58. h7 Rc8 59. Kg5 Kf7
0-1

[Event "4NCL/Div4/GREN vs. CONQ"]
[Site "Nottingham ENG"]
[Date "2006.02.12"]
[Round "6.2"]
[White "Prizant, Michael"]
[Black "Bass, John W"]
[Result "1/2-1/2"]
[WhiteElo "2135"]
[BlackElo "2050"]
[PlyCount "66"]
[EventDate "2006.02.12"]
[SourceDate "2005.10.25"]

1. e4 c5 2. d4 cxd4 3. c3 d3 4. Bxd3 Nc6 5. Nf3 d6 6. h3 Nf6 7. O-O e6 8. c4
Be7 9. Nc3 O-O 10. Be3 b6 11. Qe2 Bb7 12. Rfd1 Qb8 13. Rac1 Rd8 14. b3 Ne5 15.
Bb1 Nxf3+ 16. Qxf3 Nd7 17. Qg3 Bc6 18. f4 Bf6 19. Bd4 Qb7 20. Nd5 exd5 21. exd5
Bxd5 22. cxd5 Rac8 23. Qd3 Bxd4+ 24. Qxd4 Nf6 25. Be4 Nxe4 26. Qxe4 Re8 27. Qf3
Rxc1 28. Rxc1 Qe7 29. Rc6 g6 30. f5 Qe1+ 31. Kh2 Qe5+ 32. Qg3 Qxd5 33. Qxd6
Qxd6+ 1/2-1/2

[Event "4NCL/Div4/GREN vs. CONQ"]
[Site "Nottingham ENG"]
[Date "2006.02.12"]
[Round "6.4"]
[White "Foster, James C"]
[Black "Hibbitt, Arthur M"]
[Result "1-0"]
[WhiteElo "1950"]
[BlackElo "1950"]
[PlyCount "77"]
[EventDate "2006.02.12"]
[SourceDate "2005.10.25"]

1. e4 c5 2. d4 cxd4 3. c3 dxc3 4. Nxc3 Nc6 5. Nf3 a6 6. Bc4 e6 7. Qe2 Be7 8.
O-O d6 9. Rd1 Bd7 10. b4 b5 11. Bb3 Nf6 12. e5 dxe5 13. Nxe5 Nxe5 14. Qxe5 Qb8
15. Qg5 O-O 16. Rxd7 Nxd7 17. Qxe7 Qe5 18. Bb2 Nf6 19. h3 Rac8 20. Nd1 Qe1+ 21.
Kh2 Rfe8 22. Qd6 Red8 23. Qg3 Ne8 24. Bc3 Qe2 25. Nb2 Qe4 26. Re1 Qc6 27. Re3
Qc7 28. Be5 Qe7 29. Nd3 Kh8 30. Nc5 a5 31. a3 a4 32. Bc2 h6 33. Bd3 f6 34. Bb2
e5 35. Qg6 Rxd3 36. Qxd3 Nd6 37. Bc1 Nc4 38. Rg3 Rd8 39. Qg6 1-0

[Event "4NCL/Div4/GREN vs. CONQ"]
[Site "Nottingham ENG"]
[Date "2006.02.12"]
[Round "6.5"]
[White "Butterworth, Paul"]
[Black "Cork, David J"]
[Result "1-0"]
[WhiteElo "1890"]
[BlackElo "1955"]
[PlyCount "141"]
[EventDate "2006.02.12"]
[SourceDate "2005.10.25"]

1. d4 Nf6 2. c4 g6 3. Nc3 Bg7 4. e4 d6 5. Be2 O-O 6. Nf3 e5 7. O-O Nc6 8. d5
Ne7 9. Ne1 Ne8 10. Be3 f5 11. f3 f4 12. Bf2 h5 13. a4 a6 14. a5 g5 15. c5 Ng6
16. b4 Bd7 17. Bc4 Nf6 18. c6 Bc8 19. cxb7 Bxb7 20. Nd3 g4 21. b5 g3 22. hxg3
fxg3 23. Bxg3 h4 24. Bh2 Nh5 25. bxa6 Bxa6 26. Bxa6 Rxa6 27. Ne2 Qg5 28. Qc1
Ngf4 29. Nexf4 exf4 30. Ra4 Rf7 31. Nf2 Be5 32. Ng4 Rg7 33. Rf2 Nf6 34. Nxf6+
Qxf6 35. Rc2 h3 36. Kf1 Qf7 37. Qe1 Qd7 38. Qb4 hxg2+ 39. Rxg2 Qh3 40. Raa2
Qxf3+ 41. Raf2 Qd1+ 42. Qe1 Qd3+ 43. Qe2 Qb1+ 44. Qe1 Qb5+ 45. Qe2 Qb1+ 46. Qe1
Qxe1+ 47. Kxe1 Rxa5 48. Bxf4 Ra1+ 49. Ke2 Ra2+ 50. Kf3 Rxf2+ 51. Rxf2 Kf7 52.
Bxe5 dxe5 53. Rc2 Kf6 54. Rc6+ Kg5 55. Re6 Rf7+ 56. Ke3 Rd7 57. Rxe5+ Kf6 58.
Re6+ Kf7 59. Rh6 Kg7 60. Re6 Kf7 61. Kd4 Rd8 62. Kc5 Ra8 63. Kc6 Ra7 64. e5
Ra6+ 65. Kd7 Ra5 66. Rf6+ Kg7 67. Kc6 Ra7 68. Rf4 Ra5 69. e6 Ra1 70. Kxc7 Rc1+
71. Kd7 1-0

[Event "4NCL/Div4/GREN vs. CONQ"]
[Site "Nottingham ENG"]
[Date "2006.02.12"]
[Round "6.6"]
[White "Ryan, Raymond"]
[Black "Flexman, Patrick"]
[Result "0-1"]
[WhiteElo "1650"]
[BlackElo "1845"]
[PlyCount "48"]
[EventDate "2006.02.12"]
[SourceDate "2005.10.25"]

1. e4 e5 2. Nf3 Nc6 3. Bb5 a6 4. Ba4 Bc5 5. c3 b5 6. Bb3 d6 7. d4 exd4 8. cxd4
Bb6 9. Be3 Nf6 10. Nbd2 Bg4 11. Qc2 Ne7 12. O-O O-O 13. a4 Bh5 14. Ng5 Bg6 15.
f4 Ng4 16. Qd3 Nxe3 17. Qxe3 d5 18. Ndf3 dxe4 19. Nxe4 Nf5 20. Qd3 Bxd4+ 21.
Nxd4 Qxd4+ 22. Qxd4 Nxd4 23. Bd5 c6 24. Rfd1 cxd5 0-1

[Event "4NCL/Div4/SLOS4 vs. SCS"]
[Site "Nottingham ENG"]
[Date "2006.02.12"]
[Round "6.2"]
[White "Reynolds, D Ian"]
[Black "Payne, Nick"]
[Result "1/2-1/2"]
[WhiteElo "2125"]
[BlackElo "2090"]
[PlyCount "28"]
[EventDate "2006.02.12"]
[SourceDate "2005.10.25"]

1. e4 c5 2. c3 d5 3. exd5 Qxd5 4. d4 Nf6 5. Nf3 Bg4 6. Be2 e6 7. O-O Nc6 8. Na3
cxd4 9. Nb5 O-O-O 10. Nbxd4 Bc5 11. Qa4 Bxd4 12. cxd4 Qa5 13. Qxa5 Nxa5 14. Be3
Nc6 1/2-1/2

[Event "4NCL/Div4/SLOS4 vs. SCS"]
[Site "Nottingham ENG"]
[Date "2006.02.12"]
[Round "6.3"]
[White "Sparkes, Daniel A"]
[Black "Lutton, E Josiah"]
[Result "1/2-1/2"]
[WhiteElo "2030"]
[BlackElo "2125"]
[PlyCount "80"]
[EventDate "2006.02.12"]
[SourceDate "2005.10.25"]

1. e4 e6 2. d4 d5 3. Nc3 Bb4 4. e5 c5 5. a3 Bxc3+ 6. bxc3 Qa5 7. Bd2 Qa4 8. Nf3
c4 9. Be2 Nc6 10. O-O Nge7 11. Bg5 h6 12. Bxe7 Nxe7 13. Qd2 b6 14. Rfb1 Nc6 15.
h3 Bd7 16. Nh2 O-O-O 17. Nf1 Rdg8 18. Ne3 h5 19. Nd1 g5 20. g3 Na5 21. Rb4 Qc6
22. Qe3 Qc7 23. Kg2 Bc6 24. Kg1 Qe7 25. Bf1 Qf8 26. Bg2 Kc7 27. Qe2 Nb3 28.
cxb3 a5 29. Rxc4 dxc4 30. Qxc4 Qe8 31. Ne3 Kb7 32. Bxc6+ Qxc6 33. Qxc6+ Kxc6
34. Nc4 Ra8 35. a4 Rhf8 36. Re1 b5 37. axb5+ Kxb5 38. Nd6+ Kc6 39. Ne4 Rfb8 40.
Nc5 Rb5 1/2-1/2

[Event "4NCL/Div4/SLOS4 vs. SCS"]
[Site "Nottingham ENG"]
[Date "2006.02.12"]
[Round "6.4"]
[White "Lutton, J Arnold"]
[Black "Coates, David"]
[Result "1-0"]
[WhiteElo "1940"]
[BlackElo "2025"]
[PlyCount "87"]
[EventDate "2006.02.12"]
[SourceDate "2005.10.25"]

1. e4 c5 2. Nc3 Nc6 3. f4 g6 4. Nf3 Bg7 5. Bc4 e6 6. O-O Nge7 7. d3 d5 8. Bb3
O-O 9. Ne2 b5 10. a3 c4 11. Ba2 dxe4 12. dxe4 Qb6+ 13. Kh1 Rd8 14. Qe1 Bb7 15.
Ng3 Qc7 16. Be3 Bxb2 17. Rb1 Bg7 18. Rxb5 Ba6 19. Rg5 Rab8 20. f5 exf5 21. exf5
Rb2 22. fxg6 hxg6 23. Nh5 Bh8 24. Nh4 Rxa2 25. Nf6+ Bxf6 26. Rxf6 Qd7 27. Nxg6
Qd1 28. Nf4+ Ng6 29. Qxd1 Rxd1+ 30. Bg1 Raa1 31. h4 Rxg1+ 32. Kh2 Rh1+ 33. Kg3
Rxa3+ 34. Kf2 Rc1 35. Nxg6 Rxc2+ 36. Kg1 Kg7 37. Rxc6 Bb7 38. Ne5+ Kf8 39. Rc7
Bd5 40. Nd7+ Ke7 41. Rxd5 Rg3 42. Nc5+ Kf8 43. Ne6+ Kg8 44. Rd8+ 1-0

[Event "4NCL/Div4/SLOS4 vs. SCS"]
[Site "Nottingham ENG"]
[Date "2006.02.12"]
[Round "6.5"]
[White "Lewis, Andrew"]
[Black "Clarke, Sean A"]
[Result "1-0"]
[WhiteElo "1990"]
[BlackElo "1775"]
[PlyCount "110"]
[EventDate "2006.02.12"]
[SourceDate "2005.10.25"]

1. Nc3 d5 2. e4 d4 3. Nce2 c5 4. Ng3 Nc6 5. Nf3 Bg4 6. Bc4 e6 7. h3 Bxf3 8.
Qxf3 a6 9. Qe2 b5 10. Bxb5 axb5 11. Qxb5 Qc7 12. O-O Bd6 13. Ne2 Rb8 14. Qa4
Nf6 15. d3 O-O 16. c3 Ra8 17. Qc2 Rfd8 18. Bg5 e5 19. Ng3 Be7 20. Nf5 Ne8 21.
Nxe7+ Nxe7 22. cxd4 exd4 23. Rfc1 Rdc8 24. b4 f6 25. Bh4 Qd7 26. Qb3+ Kf8 27.
bxc5 Ra5 28. Qb4 Nc6 29. Qb3 Rb8 30. Qc2 Rbb5 31. Bg3 Qa7 32. Bd6+ Nxd6 33.
cxd6 Rc5 34. Qb3 Qd7 35. Rxc5 Rxc5 36. Rb1 Qxd6 37. Qa3 Qe7 38. Qa8+ Qd8 39.
Qa3 Qa5 40. Qb3 Rc3 41. Qe6 Qe5 42. Qc8+ Qe8 43. Qf5 Qa8 44. Qxh7 Qxa2 45. Rb7
Qg8 46. Qf5 Ne7 47. Qd7 Kf7 48. Qxe7+ Kg6 49. Qd7 Rxd3 50. Qf5+ Kh6 51. g4 Qe8
52. Rb8 Rd1+ 53. Kg2 g6 54. Qf4+ g5 55. Qxf6+ Qg6 1-0

[Event "4NCL/Div4/SLOS4 vs. SCS"]
[Site "Nottingham ENG"]
[Date "2006.02.12"]
[Round "6.6"]
[White "Lowry-O'Reilly, Hannah"]
[Black "Melsom, Jonathan T"]
[Result "1/2-1/2"]
[WhiteElo "1790"]
[BlackElo "1885"]
[PlyCount "59"]
[EventDate "2006.02.12"]
[SourceDate "2005.10.25"]

1. d4 Nf6 2. c4 c5 3. Nf3 e6 4. Bg5 Be7 5. e3 d5 6. cxd5 exd5 7. Bd3 cxd4 8.
Nxd4 h6 9. Bh4 O-O 10. h3 Ne4 11. Bxe7 Qxe7 12. O-O f5 13. Qc2 Nd7 14. Bxe4
fxe4 15. Nc3 Nb6 16. Rfd1 Qg5 17. Kh1 Bxh3 18. gxh3 Qh4 19. Rd2 Qxh3+ 20. Kg1
Rf6 21. Nxe4 dxe4 22. Qxe4 Raf8 23. f3 Qd7 24. Re2 Re8 25. Qc2 Qd5 26. Qb3 Qxb3
27. axb3 a6 28. Rc1 Nd5 29. Kf2 Rb6 30. Rc5 1/2-1/2

[Event "4NCL/Div4/NOTT2 vs. BCA"]
[Site "Nottingham ENG"]
[Date "2006.02.12"]
[Round "6.1"]
[White "Levens, David"]
[Black "Mordue, A Tyson"]
[Result "1/2-1/2"]
[WhiteElo "2025"]
[BlackElo "2225"]
[PlyCount "68"]
[EventDate "2006.02.12"]
[SourceDate "2005.10.25"]

1. e4 c5 2. Nf3 d6 3. d4 cxd4 4. Nxd4 Nf6 5. Nc3 a6 6. Be3 e6 7. g4 h6 8. h4
Nc6 9. Rg1 g6 10. g5 hxg5 11. Bxg5 Be7 12. Qd2 Qb6 13. Nb3 Bd7 14. O-O-O Qc7
15. Be2 O-O-O 16. f4 Be8 17. Rge1 Nd7 18. Bg4 Bxg5 19. hxg5 Nc5 20. Nd5 Nxb3+
21. axb3 Qa5 22. Kb1 Qxd2 23. Rxd2 Rh4 24. Ne3 Kc7 25. Red1 Ne7 26. c4 Bc6 27.
Rd4 Rdh8 28. Ka2 Rh2 29. Rxd6 Rf2 30. f5 gxf5 31. exf5 Nc8 32. R6d2 Rxd2 33.
Rxd2 exf5 34. Nxf5 Rg8 1/2-1/2

[Event "4NCL/Div4/NOTT2 vs. BCA"]
[Site "Nottingham ENG"]
[Date "2006.02.12"]
[Round "6.2"]
[White "Ross, Chris"]
[Black "Lakhani, Kishan"]
[Result "1-0"]
[WhiteElo "2165"]
[BlackElo "2010"]
[PlyCount "125"]
[EventDate "2006.02.12"]
[SourceDate "2005.10.25"]

1. e4 c5 2. Nf3 d6 3. Bb5+ Bd7 4. Bxd7+ Qxd7 5. c4 e6 6. Nc3 Nc6 7. d4 cxd4 8.
Nxd4 Be7 9. O-O Nf6 10. Be3 O-O 11. Rc1 Rad8 12. f3 Ne8 13. Qe2 Bf6 14. Rfd1
Qe7 15. Qf2 Nxd4 16. Bxd4 b6 17. Rc2 Nc7 18. Bxf6 Qxf6 19. Rcd2 e5 20. Nd5 Nxd5
21. Rxd5 Rd7 22. Qd2 Rfd8 23. b4 Kf8 24. c5 bxc5 25. bxc5 Ke7 26. Qa5 dxc5 27.
Rxd7+ Rxd7 28. Qxc5+ Ke8 29. Rxd7 Kxd7 30. Qxa7+ Kc8 31. Kf1 Qf4 32. Qc5+ Kb7
33. Qb4+ Kc7 34. Qc3+ Kb7 35. g3 Qf6 36. Qb3+ Kc7 37. Qc4+ Kb7 38. Ke2 h5 39.
h4 Qe7 40. Kd3 Qf6 41. Qb3+ Kc7 42. Kc2 Qg6 43. Qc3+ Kd6 44. Qb4+ Kc6 45. Qc3+
Kd6 46. Qa3+ Kd7 47. Qa7+ Kc8 48. Qc5+ Kb7 49. Qxe5 Qc6+ 50. Qc3 Qa6 51. Qb3+
Kc8 52. Qxf7 Qe2+ 53. Kc3 Qe3+ 54. Kc4 Qe2+ 55. Kc5 Qf2+ 56. Kc6 Qc2+ 57. Kd6
Qd3+ 58. Ke5 Qc3+ 59. Kf4 Qc1+ 60. Kf5 Qc5+ 61. Kg6 Qd6+ 62. Kh7 Qh6+ 63. Kg8
1-0

[Event "4NCL/Div4/NOTT2 vs. BCA"]
[Site "Nottingham ENG"]
[Date "2006.02.12"]
[Round "6.3"]
[White "Webster, Richard J"]
[Black "Hilton, Steve"]
[Result "1-0"]
[WhiteElo "2020"]
[BlackElo "2045"]
[PlyCount "67"]
[EventDate "2006.02.12"]
[SourceDate "2005.10.25"]

1. c4 Nf6 2. g3 g6 3. Bg2 Bg7 4. Nc3 O-O 5. d3 d6 6. Nf3 e5 7. O-O Re8 8. Ne1
c6 9. e4 a5 10. Nc2 Na6 11. h3 Nc5 12. Kh2 Ne6 13. Rb1 h5 14. Bd2 h4 15. a3 Nh7
16. Ne2 Rf8 17. Qe1 f5 18. exf5 gxf5 19. f4 Bf6 20. Bc3 exf4 21. Bxf6 fxg3+ 22.
Nxg3 Rxf6 23. Nxf5 Neg5 24. Ne7+ Kf7 25. Rxf6+ Nxf6 26. Nxc8 Qxc8 27. Qxh4 Qg8
28. Rf1 Re8 29. Qf4 Qg6 30. Ne3 Kg7 31. Nf5+ Kg8 32. Qxd6 Nxh3 33. Ne7+ Rxe7
34. Rxf6 1-0

[Event "4NCL/Div4/NOTT2 vs. BCA"]
[Site "Nottingham ENG"]
[Date "2006.02.12"]
[Round "6.4"]
[White "Armstrong, William G"]
[Black "Walker, Tim D"]
[Result "1/2-1/2"]
[WhiteElo "1985"]
[BlackElo "2050"]
[PlyCount "58"]
[EventDate "2006.02.12"]
[SourceDate "2005.10.25"]

1. d4 Nf6 2. Nf3 b6 3. g3 e6 4. Bg2 c5 5. O-O Bb7 6. c3 Be7 7. Nbd2 O-O 8. Re1
cxd4 9. cxd4 d5 10. a3 a5 11. Ne5 Nc6 12. Ndf3 b5 13. Nxc6 Bxc6 14. Ne5 Bb7 15.
Nd3 Qb6 16. e3 b4 17. axb4 axb4 18. Rxa8 Rxa8 19. Bd2 Ba6 20. Qa4 Rb8 21. Ne5
Rc8 22. Nd7 Nxd7 23. Qxd7 Rc7 24. Qe8+ Bf8 25. Qd8 Qb7 26. e4 Rd7 27. Qh4 Be7
28. Qg4 dxe4 29. Bxe4 Qb5 1/2-1/2